000 01318nam a2200265 i 4500
001 bg
100 1 _aGRUSZCZYŃSKI, Stanisław
245 1 0 _aSymulacja skutków przekształceń gleb na terenach górniczych za pomocą klasyfikatorów neuronowych /
_cStanisław Gruszczyński.
246 1 1 _aSoils transformations consequences simulation on mining terrains with application of neural classifiers
260 _aKraków :
_bUczelniane Wydawnictwa Naukowo-Dydaktyczne AGH,
_c2000.
300 _a99, [1] s. :
_bil. (w tym kolor.) ;
_c24 cm.
490 1 _aRozprawy, Monografie / [Akademia Górniczo-Hutnicza im. Stanisława Staszica] =
_aDissertations, Monographies,
_x0867-6631 ;
_v86
500 _aTyt. równol.: Soils transformations consequences simulation on mining terrains with application of neural classifiers. - Streszcz. ang.
504 _aBibliogr.
650 9 _aRekultywacja gleby
_xmetody
650 9 _aSieci neuronowe
_xstosowanie
_xgeologia
650 9 _aSymulacja
_xstosowanie
_xgeologia
650 9 _aSzkody górnicze
_xzapobieganie i zwalczanie
830 0 _aRozprawy, Monografie ([Akademia Górniczo-Hutnicza im. Stanisława Staszica]) ;
_v86
040 _cBPK
041 0 _apl
_ben
080 _a631.6:622.8:550.8:004.032.26+519.876.5
942 _cKS
008 s pl f |000 0 pol
999 _c38348
_d38348
856 _uhttp://koha.tu.koszalin.pl/cgi-bin/koha/opac-detail.pl?biblionumber=38348
_yKatalog online BPK